000 01112cam a22002415a 4500
001 L149260
008 100211e20100205xxk 000 0 eng d
035 _a(Sirsi) u149260
041 0 _aeng
100 1 _aShah, Aditi
245 0 0 _aMarkets
_bKent, Surrey and Sussex
260 _c2010
490 0 _aProperty Week
_v76(5) 5 February 2010, 43-52(6)
520 _aFailure of Thornfield Ventures jeopardises £800m of regeneration projects in Mid Sussex. Activity in the Surrey office lettings market is picking up after a poor 2009. Asda, Britain's second largest supermarket, is targeting England's south coast. Kent County Council believes that Kent's economy can be unlocked by improving the transport infrastructure. Chatham's Dockside outlet centre has experienced an avalanche of lettings. Segro hopes to attract occupiers with its Gatwicklinks project and discount rents.
590 _aKA
651 4 _aKent
651 4 _aSurrey
651 4 _aEast Sussex
651 4 _aWest Sussex
690 _aPROPERTY-COMMERCIAL PROPERTY-COMMERCIAL PROPERTY MARKET
700 1 _aCarter, Paul
942 _n0
999 _c82100
_d82100